Statistics for Countries with Multiple Capital Cities

Click here to take the quiz!

General Stats

  • This quiz has been taken 8 times
  • The average score is 14 of 16

Answer Stats

CitiesCountry% Correct
Sucre, La PazBolivia
100%
Santiago, ValparaísoChile
100%
Prague, BrnoCzech Republic
100%
Santo Domingo, Santo Domingo OesteDominican Republic
100%
Tegucigalpa, ComayagüelaHonduras
100%
Kuala Lumpur, PutrajayaMalaysia
100%
Amsterdam, The HagueNetherlands
100%
Pretoria, Bloemfontein, Cape TownSouth Africa
100%
Sri Jayawardenepura Kotte, ColomboSri Lanka
100%
Podgorica, CetinjeMontenegro
83%
Sana'a, AdenYemen
83%
Porto-Novo, CotonouBenin
67%
Gitega, BujumburaBurundi
67%
Mbabane, LobambaEswatini
67%
Dodoma, Dar es SalaamTanzania
67%
Yamoussoukro, AbidjanIvory Coast
50%

Score Distribution

Percentile by Number Answered

Percent of People with Each Score

Your Score History

You have not taken this quiz